Building the Octagon : Octagon Museum, August 1, 1989-September 30, 1989 /

Bibliographic Details
Main Author: Ridout, Orlando
Corporate Author: Octagon (Washington, D.C.)
Format: Book
Language:English
Published: Washington, D.C. : American Institute of Architects Press, 1989.
Series:Octagon research series ; 2.
Subjects:

MARC

Tag First Indicator Second Indicator Subfields
LEADER 00000cam a22000008a 4500
001 in00000870721
005 20151019140620.0
008 890717s1989 dcua bc 00110 eng
010 |a  89017624  
020 |a 1558350578 :  |c $16.95 
035 |a (OCoLC)20089719 
035 |9 AEK4125AM 
040 |a DLC  |c DLC  |d TXA  |d UtOrBLW 
043 |a n-us-dc 
049 |a TXAM  |c [A12710260] 
050 0 0 |a NA7238.W3  |b R54 1989 
082 0 |a 728/.372/09753  |2 20 
100 1 |a Ridout, Orlando. 
245 1 0 |a Building the Octagon :  |b Octagon Museum, August 1, 1989-September 30, 1989 /  |c Orlando V. Ridout V. 
263 |a 8909 
264 1 |a Washington, D.C. :  |b American Institute of Architects Press,  |c 1989. 
300 |a xi, 161 pages :  |b illustrations 
336 |a text  |b txt  |2 rdacontent 
337 |a unmediated  |b n  |2 rdamedia 
338 |a volume  |b nc  |2 rdacarrier 
490 1 |a Octagon research series ;  |v 2 
504 |a Includes bibliographical references. 
610 2 0 |a Octagon (Washington, D.C.)  |x Exhibitions. 
650 0 |a Neoclassicism (Architecture)  |z Washington (D.C.)  |x Exhibitions. 
600 1 0 |a Thornton, William,  |d 1759-1828  |x Exhibitions. 
651 0 |a Washington (D.C.)  |x Buildings, structures, etc.  |x Exhibitions. 
651 0 |a Washington (D.C.)  |x History. 
710 2 |a Octagon (Washington, D.C.) 
830 0 |a Octagon research series ;  |v 2. 
999 |a MARS 
999 f f |s c068aa2e-7c39-340c-ab4f-fc95774d933c  |i aa89defb-589d-3709-8125-a52299a41770  |t 0 
952 f f |p ric  |a Texas A&M University  |b Rellis Campus  |c Joint Library Facility  |d Remote Storage  |t 0  |e NA7238.W3 R54 1989  |h Library of Congress classification  |i unmediated -- volume  |m A14812710260 
998 f f |a NA7238.W3 R54 1989  |t 0  |l Remote Storage